[Event "Oberliga Wuerttemberg 0910"]
[Site "Wuerttemberg"]
[Date "2010.03.21"]
[Round "8.8"]
[White "Seyfried, Claus"]
[Black "Hoefer, Daniel"]
[Result "1-0"]
[WhiteElo "2025"]
[BlackElo "1921"]
[PlyCount "61"]
[EventDate "2009.10.11"]
[EventType "team-tourn"]
[EventRounds "9"]
[EventCountry "GER"]
[SourceTitle "EXT 2019"]
[Source "ChessBase"]
[SourceDate "2018.10.10"]
[SourceVersion "1"]
[SourceVersionDate "2018.10.10"]
[SourceQuality "1"]
[WhiteTeam "Stuttgart SF II"]
[BlackTeam "Rommelshausen"]
[WhiteTeamCountry "GER"]
[BlackTeamCountry "GER"]

1. e4 c6 2. d4 d5 3. e5 Bf5 4. Nf3 e6 5. Be2 Nd7 6. 0-0 Ne7 7. Be3 c5 8. c4 cxd4 9. Nxd4 Bxb1 10. Rxb1 Nxe5 11. cxd5 Nxd5 12. Bb5+ Nd7 13. Qh5 g6 14. Qe5 Qf6 15. Qg3 Qe7 16. Nf3 a6 17. Bd4 axb5 18. Bxh8 f6 19. Rfe1 Ra6 20. Rbd1 Rd6 21. Nd4 Nc7 22. Qc3 Qd8 23. Rc1 Kf7 24. Re4 Nd5 25. Qh3 Kg8 26. Nxe6 Qa5 27. Nxf8 Nxf8 28. Qh6 Rd7 29. Re8 Rf7 30. Rxf8+ Rxf8 31. Qg7# 1-0

[Event "Stuttgart-chA"]
[Site "Stuttgart"]
[Date "2003.??.??"]
[Round "?"]
[White "Hoefer, Daniel"]
[Black "Bauer, Dieter"]
[Result "1-0"]
[WhiteElo "2130"]
[BlackElo "1975"]
[PlyCount "42"]
[EventDate "2003.??.??"]
[EventType "swiss"]
[EventRounds "9"]
[EventCountry "GER"]
[SourceTitle "EXT 2007"]
[Source "ChessBase"]
[SourceDate "2006.11.23"]
[SourceVersion "1"]
[SourceVersionDate "2006.11.23"]
[SourceQuality "1"]

1. d4 g6 2. c4 Bg7 3. Nc3 d6 4. e4 Nc6 5. Be3 e5 6. d5 Nce7 7. Qd2 f5 8. f3 fxe4 9. fxe4 Nf6 10. Be2 0-0 11. h3 a6 12. g4 b5 13. cxb5 axb5 14. Bxb5 Ba6 15. Be2 Qb8 16. Rh2 Qb4 17. a3 Qb3 18. Bxa6 Rxa6 19. Qc2 Rb8 20. 0-0-0 Nxe4 21. Qxe4 Qxb2+ 1-0

[Event "Erlangen op 18th"]
[Site "Erlangen"]
[Date "2003.??.??"]
[Round "1"]
[White "Hoefer, Daniel"]
[Black "Reh, Theresa"]
[Result "1-0"]
[WhiteElo "1898"]
[BlackElo "1548"]
[PlyCount "85"]
[EventDate "2003.11.??"]
[EventType "swiss"]
[EventRounds "5"]
[EventCountry "GER"]
[SourceTitle "EXT 2005"]
[Source "ChessBase"]
[SourceDate "2004.11.15"]
[SourceVersion "1"]
[SourceVersionDate "2004.11.15"]
[SourceQuality "1"]

1. d4 Nf6 2. c4 g6 3. Nc3 Bg7 4. e4 d6 5. f3 0-0 6. Be3 e5 7. d5 a5 8. Qd2 Na6 9. Nge2 b6 10. 0-0-0 Nc5 11. Bh6 Rb8 12. h4 Bd7 13. Ng3 Qe7 14. h5 Rb7 15. Bxg7 Kxg7 16. hxg6 fxg6 17. Be2 Kg8 18. Kb1 Rf7 19. b3 Rb8 20. Kb2 Ra8 21. a3 a4 22. b4 Nb3 23. Qe3 Rb8 24. Bd3 Ra8 25. Nge2 Qe8 26. Bc2 b5 27. Bxb3 axb3 28. c5 dxc5 29. Qxc5 Rc8 30. Nc1 c6 31. d6 Nh5 32. Nxb3 Nf4 33. Qf2 Be6 34. Nc5 Bd7 35. Qg3 Rg7 36. Qg5 Ra8 37. g3 Nh5 38. Nxd7 Qxd7 39. g4 Nf4 40. Qxe5 Ne6 41. f4 Rf8 42. f5 Nd8 43. Qd4 1-0